Best Soccer Player by letter - Statistics

General Stats
  • This quiz has been taken 25 times
  • The average score is 5 of 21
Answer Stats
Hint Answer % Correct
K Kylian Mbappé
86%
E Erling Haaland
68%
J Jude Bellingham
59%
V Vinicius Jr
45%
M Mohamed Salah
32%
R Rodri
32%
G Gianluigi Donnarumma
27%
H Harry Kane
27%
F Federico Valverde
23%
T Trent Alexander-Arnold
23%
B Bukayo Saka
18%
L Lautaro Martínez
18%
O Ousmane Dembélé
18%
P Pedri
18%
A Alphonso Davies
14%
D Declan Rice
14%
C Christian Pulisic
9%
W William Saliba
9%
S Son Heung-min
5%
I Ilkay Gündogan
0%
N Neymar Jr
0%
No matching quizzes found
Score Distribution
Percent of People with Each Score
Percentile by Number Answered
Your Score History
You have not taken this quiz